书目信息 |
| 题名: |
工科数学分析
|
|
| 作者: | 李大华 编著 | |
| 分册: | 下册 | |
| 出版信息: | 武汉 华中理工大学出版社 2000.01 |
|
| 页数: | 465页 | |
| 开本: | 32开 | |
| 丛书名: | ||
| 单 册: | ||
| 中图分类: | O17 | |
| 科图分类: | ||
| 主题词: | 数学分析 | |
| 电子资源: | ||
| ISBN: | 7-5609-2122-1 | |
| 000 | 00553nam0 2200193 45 | |
| 001 | 0011271791 | |
| 005 | 20061123090845.37 | |
| 010 | @a7-5609-2122-1@d17.80元 | |
| 100 | @a20001127d2000 km y0chiy0120 ea | |
| 101 | 0 | @achi |
| 105 | @a z 000yy | |
| 200 | 1 | @a工科数学分析@Agong ke shu xue fen xi@h下册@f李大华等编著@FLi Da Hua Deng Bian Zhu |
| 210 | @a武汉@c华中理工大学出版社@d2000.01 | |
| 215 | @a465页@d32开 | |
| 606 | 0 | @a数学分析 |
| 690 | @aO17@v3 | |
| 701 | 0 | @a李大华@4编著 |
| 801 | @aCN@bPftUser@c20061123 | |
| 905 | @b505879-883@dO17@eL316@f5 | |
| 工科数学分析.下册/李大华等编著.-武汉:华中理工大学出版社,2000.01 |
| 465页;32开 |
| ISBN 7-5609-2122-1:17.80元 |
| ● |
| 相关链接 |
|
|
|
正题名:工科数学分析
索取号:O17/L316
 
预约/预借
| 序号 | 登录号 | 条形码 | 馆藏地/架位号 | 状态 | 备注 |
| 1 | 505879 | 205058792 | 自科二线504/504自科库 48排2列3层/ [索取号:O17/L316] | 在馆 | |
| 2 | 505880 | 205058809 | 自科二线504/504自科库 48排2列2层/ [索取号:O17/L316] | 在馆 | |
| 3 | 505881 | 205058818 | 自科二线504/504自科库 48排2列3层/ [索取号:O17/L316] | 在馆 | |
| 4 | 505882 | 205058827 | 自科二线504/504自科库 48排2列3层/ [索取号:O17/L316] | 在馆 | |
| 5 | 505883 | 205058836 | 自科二线504/504自科库 48排2列2层/ [索取号:O17/L316] | 在馆 |